00517nam a2200181Ia 4500008004100000020001800041040001900059041001200078082002700090100001200117245007200129260002900201300003500230650002400265651001400289700001200303850002000315131103s9999 xx 000 0 und d a0 460 05773 1 aLoreto College aEnglish a372.4/SEPbLCBED/10489 aSeptima aChild's playb for mothers with little children cSeptima & Margett aLondonbJ. M. Dentc1969 avii,64p.b ill., draw.c 24cm. aElementay education aEducation aMargett aLCBED/372.4/SEP